000 00677nam a2200181Ia 4500
008 100921s9999 xx 000 0 und d
082 _b23269
_a891.462 थ 89
100 _aवाडकर ज्ञानेश.
245 _aगरिबाघरची लक्ष्मी.
260 _bअमित प्रकाशन, गोवा.
_c1989
300 _a69
_bअमित प्रकाशन, गोवा
365 _b15
520 _aललित-नाटके.
630 _aगरिबाघरची लक्ष्मी.
650 _aललित-नाटके.
730 _aगरिबाघरची लक्ष्मी.
942 _cBOOK
999 _c772382
_d772379